书目信息 |
| 题名: |
中央空调系统应用与维修
|
|
| 作者: | 夏云铧 主编 | |
| 分册: | ||
| 出版信息: | 北京 机械工业出版社 2004 |
|
| 页数: | 549页 | |
| 开本: | 26cm | |
| 丛书名: | ||
| 单 册: | ||
| 中图分类: | TB657.2 | |
| 科图分类: | ||
| 主题词: | 集中空气调节系统--维修 , 集中空气调节系统 | |
| 电子资源: | ||
| ISBN: | 7-111-12728-5 | |
| 000 | 00786nam0 2200229 45 | |
| 001 | 020000006798 | |
| 005 | 20051008173331.09 | |
| 010 | @a7-111-12728-5@dCNY58.00 | |
| 100 | @a20040302d2004 ekmy0chiy0120 ea | |
| 101 | 0 | @achi |
| 102 | @aCN@b110000 | |
| 105 | @aak z 000yy | |
| 200 | 1 | @a中央空调系统应用与维修@9zhong yang kong tiao xi tong ying yong yu wei xiu@f夏云铧主编@Fxia yun hua zhu bian |
| 210 | @a北京@c机械工业出版社@d2004 | |
| 215 | @a549页@c图@d26cm | |
| 330 | @a本书对中央空调的结构、原理等必备的基础知识作了一般性介绍,重点对中央空调的结构原理、维护修理作了详尽的介绍。 | |
| 606 | 0 | @a集中空气调节系统@x维修 |
| 606 | 0 | @a集中空气调节系统 |
| 690 | @aTB657.2@v4 | |
| 701 | 0 | @a夏云铧@Axia yun hua@4主编 |
| 801 | 0 | @aCN@bTSSF@c20051008 |
| 905 | @a10447@dTB657.2@e81 | |
| 中央空调系统应用与维修/夏云铧主编.-北京:机械工业出版社,2004 |
| 549页:图;26cm |
| ISBN 7-111-12728-5:CNY58.00 |
| 本书对中央空调的结构、原理等必备的基础知识作了一般性介绍,重点对中央空调的结构原理、维护修理作了详尽的介绍。 |
| ● |
| 相关链接 |
|
|
|
|
正题名:中央空调系统应用与维修
索取号:TB657.2/81
 
预约/预借
| 序号 | 登录号 | 条形码 | 馆藏地/架位号 | 状态 | 备注 |
| 1 | 0364474 | 3644747 | 第二样本阅览室/ [索取号:TB657.2/81] | 在馆 | |
| 2 | 0364475 | 3644756 | 密集书库/ [索取号:TB657.2/81] | 在馆 | |
| 3 | 0364476 | 3644765 | 密集书库/ [索取号:TB657.2/81] | 在馆 | |
| 4 | 0364477 | 3644774 | 第三借阅区/ [索取号:TB657.2/81] | 在馆 | |
| 5 | 0364478 | 3644783 | 第三借阅区/ [索取号:TB657.2/81] | 在馆 |